000
00219nam a22000977a 4500
082
_a
953.63 QAT'A
245
_a
QATAR YEAR BOOK 1978-79
260
_a
QATAR
_b
MINISTRY OF INFORMATION
_c
1979
300
_a
204P
942
_c
BK
999
_c
581343
_d
581343